000 00391nam a2200133Ia 4500
008 220217s9999||||xx |||||||||||||| ||und||
020 _a9788131717936
082 _a621.382 2 KUO
100 _aKuo, Sen M and Gan, Woon-Seng S
_97656
245 0 _aDigital Signal Processors
260 _aPearson education asia
_bNew Deli
_c2005
300 _a610
_b635
650 _aSIGNAL PROCESSING
_9719
999 _c181561
_d181561